00302nam a2200109Ia 4500008004100000041000800041082001500049100002200064245006800086260002800154300001000182240719s9999 xx 000 0 und d aeng a658.15 RAP aRappaport, Alfred aCreating Shareholder Value: A Guide For Managers And Investors  aDelhibFree Pressc1997 a224 P